Сравнительное изложение, справка и журналы Особого совещания и комиссии по делам дворянского сословия о пересмотре законоположен...

Доступно только в Электронных читальных залах Найти на картеНа карте
RUSMARC
00003746nmc2a22002531x 450
001f0c69153-1983-4039-a6cf-aa5f471d6049
00520131030125511.0
100##$a20130605l18991900k y0rusy50 ca
1010#$arus
102##$aRU
105##$aa z |||||
2001#$aСравнительное изложение, справка и журналы Особого совещания и комиссии по делам дворянского сословия о пересмотре законоположений о дворянских учреждениях
$j1899-1900
215##$a211 листов
$cтабл.
251##$cДело
300##$aНапечатано типографским способом
324##$aДублеты
330##$aX. Материалы по делам дворянского землевладения и дворянского сословия в целом /1898-1917 гг./
461#0$1001b6db1e6b-efcc-4108-961b-a8f75be6354f
$12001
$aПостоянный совет объединенных дворянских обществ
$1251
$cФонд
$1852
$j434
462#0$1001376737bd-14a2-4097-a3d5-a02b2aa0e2d3
$12001
$aПостоянный совет объединенных дворянских обществ. 1906-1917 гг.
$1251
$cОпись
$1852
$j1
60102$3RU\NLR\AUTH\8810165427
$aПостоянный совет объединенных дворянских обществ
$cПетербург
60102$aСовет объединенных дворянских обществ (Петербург). Комиссия по делам дворянского сословия о пересмотре законоположений о дворянских учреждениях
801#0$aRU
$bGA_RF
801#1$aRU
$bНПО Опыт
$c20130605
$2rusmarc
801#2$aRU
$bПБ им. Б.Н. Ельцина
$c20131030
$gRCR
$2rusmarc
852##$aГА РФ
$j293
937##$d39845116
$hПБ
035##$aRuPRLIB51006735
Формат отображения